| Tag |
First Indicator |
Second Indicator |
Subfields |
| LEADER |
00000cam a2200000 a 4500 |
| 001 |
in00002479708 |
| 005 |
20151110041451.0 |
| 008 |
081229s2008 dcub b f000 0 eng c |
| 035 |
|
|
|a (OCoLC)ocn280984257
|
| 040 |
|
|
|a VET
|c VET
|d GPO
|d MvI
|d UtOrBLW
|
| 042 |
|
|
|a pcc
|
| 049 |
|
|
|a UDOC
|
| 074 |
|
|
|a 0985
|
| 086 |
0 |
|
|a VA 1.2:G 95/3
|
| 096 |
|
|
|a QZ 140
|b U58g 2008
|
| 110 |
1 |
|
|a United States.
|b Department of Veterans Affairs.
|b Research Advisory Committee on Gulf War Veterans' Illnesses.
|
| 245 |
1 |
0 |
|a Gulf War illness and the health of Gulf War veterans :
|b scientific findings and recommendations /
|c Research Advisory Committee on Gulf War Veterans' Illnesses.
|
| 246 |
1 |
|
|i Also known as the:
|a RAC report
|
| 264 |
|
1 |
|a Washington, D.C. :
|b U.S. G.P.O.,
|c [2008]
|
| 300 |
|
|
|a iv, 454 pages :
|b black and white map ;
|c 28 cm.
|
| 336 |
|
|
|a text
|b txt
|2 rdacontent
|
| 337 |
|
|
|a unmediated
|b n
|2 rdamedia
|
| 338 |
|
|
|a volume
|b nc
|2 rdacarrier
|
| 500 |
|
|
|a "November 2008"--Title page verso.
|
| 500 |
|
|
|a Shipping list number: 2009-0117-P.
|
| 500 |
|
|
|a Shipping List Date: 12/30/2008
|
| 504 |
|
|
|a Includes bibliographical references (pages 323-391).
|
| 650 |
|
0 |
|a Persian Gulf syndrome.
|
| 650 |
|
0 |
|a Persian Gulf War, 1991
|x Health aspects.
|
| 650 |
|
0 |
|a Veterans
|x Medical care
|z United States.
|
| 650 |
|
0 |
|a Persian Gulf War, 1991
|x Veterans
|x Health aspects.
|
| 650 |
|
0 |
|a Veterans
|x Medical care
|x Government policy
|z United States.
|
| 650 |
|
2 |
|a Gulf War.
|
| 650 |
|
2 |
|a Occupational Exposure
|x adverse effects.
|
| 650 |
|
2 |
|a Persian Gulf Syndrome.
|
| 650 |
|
2 |
|a Veterans
|z United States.
|
| 776 |
0 |
|
|a United States. Dept. of Veterans Affairs. Research Advisory Committee on Gulf War Veterans' Illnesses.
|t Gulf War illness and the health of Gulf War veterans : scientific findings and recommendations
|h iv, 454 p.
|w (OCoLC)273057285
|
| 999 |
|
|
|a MARS
|
| 999 |
f |
f |
|s d31dbb66-04e9-34a3-a994-221fb24871e8
|i 4392dac0-8672-341d-bd10-fc0dbb93910e
|t 0
|
| 952 |
f |
f |
|p normal
|a Texas A&M University
|b College Station
|c Sterling C. Evans Library
|d Evans: US Documents (Annex 5th floor)
|t 0
|e VA 1.2:G 95/3
|h Superintendent of Documents classification
|i unmediated -- volume
|m A14834763417
|
| 998 |
f |
f |
|a VA 1.2:G 95/3
|t 0
|l Evans: US Documents (Annex 5th floor)
|